zpět

Detail výsledku týmu

Limbo, Brno

Datum a čas kvízu

35 Celkem bodů Celkový počet nahraných bodů na tomto kvízu bez doplňovacích otázek.
3. Pořadí na kvízu Konečné umístění týmu na tomto kvízu.

Zaznamenané odpovědi

# Otázka Odpověď Body Výsledky
1. Ministerstvo zdravotnictví chy... Reklamy by neměly zobrazovat živé bytosti. 0
2. Prezident USA v úterý tradičně... Butter (Máslo), Bread (Chléb) 1
3. V úterý oslavila 80. narozenin... Tina Turner 1
4. Francouzská skupina LVMH (Moët... Tiffany (& Co.) 1
5. Biatlonová sezona byla zahájen... Dorothea Wiererová 1
6. V tomto tématu se podíváme na... A) pestík 1
7. Časopis Květy je zřejmě nejsta... A 1
8. Jak se jmenuje tento pilot For... Daniil Kvjat 0
9. Z následujících rostlin vybert... D 1
10. Zřejmě nejslavnější českou fil... dědeček vycinkal 1